000
00267nam a2200121Ia 4500
008
190216s9999||||xx |||||||||||||| ||und||
100
_a
Vijayan O V
245
0
_a
Pravachakande Vazhi
260
_b
Dc Books Kottayam
300
_a
292
650
_a
Novel
942
_c
BK
999
_c
27999
_d
27999